Critique de la Raison Pratique

Сохранить в:
Библиографические подробности
Главный автор: Kant, Emmanuel
Формат:
Язык:Undetermined
Опубликовано: París, Francia Presses Universitaires de France 1949
Предметы:
Метки: Добавить метку
Нет меток, Требуется 1-ая метка записи!

MARC

LEADER 00000nam a2200000Ia 4500
008 170316s9999 xx 000 0 und d
090 |a 100 K-1ci 
100 |a Kant, Emmanuel 
245 |a Critique de la Raison Pratique 
260 |a París, Francia 
260 |b Presses Universitaires de France 
260 |c 1949 
300 |a 192 páginas 
650 |a FILOSOFÍA 
999 |c 16653  |d 16653 
040 |a cru BVZT 
942 |c 15 D  |h 100 K-1ci  |2 z